Statistics for Scottish Football Premier League (Scottish Premiership)

Click here to take the quiz!

General Stats

  • This quiz has been taken 75 times
  • The average score is 9 of 12

Answer Stats

Team% Correct
Celtic
100%
Aberdeen
96%
Dundee
89%
Dundee United
80%
Inverness Caledonian Thistle
76%
Kilmarnock
76%
Motherwell
70%
St Mirren
70%
St Johnstone
66%
Ross County
65%
Partick Thistle
62%
Hamilton Academical
59%

Score Distribution

Percentile by Number Answered

Percent of People with Each Score

Your Score History

You have not taken this quiz